Concept of front office management / (Record no. 3180)

MARC details
000 -LEADER
fixed length control field 00664nam a22002172 4500
001 - CONTROL NUMBER
control field 0000007354
003 - CONTROL NUMBER IDENTIFIER
control field 000
005 - DATE AND TIME OF LATEST TRANSACTION
control field 20160407153219.0
008 - FIXED-LENGTH DATA ELEMENTS--GENERAL INFORMATION
fixed length control field 080115s xx 000 0 eng d
020 ## - INTERNATIONAL STANDARD BOOK NUMBER
International Standard Book Number 76489905:
040 ## - CATALOGING SOURCE
Original cataloging agency KABU
Transcribing agency KABU
050 ## - LIBRARY OF CONGRESS CALL NUMBER
Classification number TX911.3
Item number .C43 2006 c. 1
100 1# - MAIN ENTRY--PERSONAL NAME
Personal name Chakravarti, B. K.
245 10 - TITLE STATEMENT
Title Concept of front office management /
Statement of responsibility, etc. B. K. Chakravarti.
260 ## - PUBLICATION, DISTRIBUTION, ETC. (IMPRINT)
Place of publication, distribution, etc. New Delhi :
Name of publisher, distributor, etc. APH Publishing corporation,
Date of publication, distribution, etc. 2006
300 ## - PHYSICAL DESCRIPTION
Extent 314 p.
650 #0 - SUBJECT ADDED ENTRY--TOPICAL TERM
Topical term or geographic name as entry element Hotel front desk personnel.
908 ## - PUT COMMAND PARAMETER (RLIN)
Put command parameter 080115
942 ## - ADDED ENTRY ELEMENTS (KOHA)
Source of classification or shelving scheme Library of Congress Classification
Koha item type General Collection
Classification part TX911
Item part .C43 2006 c. 1
Holdings
Withdrawn status Lost status Source of classification or shelving scheme Not for loan Home library Current library Date acquired Total Checkouts Total Renewals Full call number Barcode Date last seen Date last checked out Koha item type
    Library of Congress Classification   Kabarak, Main Campus Kabarak, Main Campus 17/12/2015 2 1 TX911.3 .F75C43 026497 04/08/2025 10/07/2025 General Collection
Designed with assistance from East African Informatics Ltd